| 000 | 01066nam a2200277 i 4500 | ||
|---|---|---|---|
| 001 | 170448 | ||
| 003 | ES-MaACL | ||
| 005 | 20250827231412.0 | ||
| 008 | 090305s1972 fr |||| | fre d | ||
| 080 | _a165.72 | ||
| 080 | _a165.65 | ||
| 100 | 0 |
_aHegel, Georg Wilhelm Friedrich. _962316 |
|
| 245 | 1 | 3 |
_aLa relation du scepticisme avec la philosophie, suivi de _b; L'essence de la critique philosophique / _cG. W. F. Hegel ; traduction et notes par B. [Bernard] Fauquet ; préface de J.-P. [Jean-Paul] Dumont. |
| 260 |
_aParis : _bJ. Vrin, _c1972. |
||
| 300 |
_a99, [4] p. ; _c22 cm. |
||
| 490 | 1 | _aBibliothèque des textes philosophiques | |
| 500 | _aÍndices. | ||
| 650 | 0 | 7 |
_aEscepticismo _2embne _912353 |
| 650 | 4 |
_aCriticismo. _911454 |
|
| 700 | 1 |
_aFauquet, Bernard. _9188930 |
|
| 700 | 1 |
_aDumont, Jean-Paul. _946009 |
|
| 740 | 2 | _aL'essence de la critique philosophique. | |
| 830 | 0 |
_aBibliothèque des textes philosophiques _9182654 |
|
| 852 | 4 |
_aES-MaACL _jE-12478 _9R.140091 _z. - Biblioteca Jacinto Martínez Lacalle |
|
| 999 |
_c170448 _d170448 |
||